000 00663nam a2200229Ia 4500
005 20230808090001.0
008 131103s9999 xx 000 0 und d
020 _a8188401188
_cRs. 200
040 _aLoreto College
041 _aEnglish
082 _a909.82
_bHEL
100 _aHeller, Henry
245 4 _aThe Cold war and the new imperialism
_b a global history, 1945-2005
_cHenry Heller
260 _aKharagpur
_bCornerstone
_c2007
300 _a366p
504 _aIncludes bibliographical references and index
630 _aHistory, Modern - 1945-2005
650 _aCold War
651 _aWorld Histor, 1945-2005
850 _aLCLIB
942 _cBK
999 _c20330
_d70809